En estas hojas detallo cómo llegó el 25 de Mayo /

La abuela Pilar ha sido testigo de los hechos que se desarrollaron antes y después del 25 de Mayo de 1810. Decidida a escribir sus memorias, va repasando los días de su infancia, cuando la esclavitud era moneda corriente, el monopolio complicaba a los comerciantes de la colonia y las Invasiones Ingl...

Descripción completa

Guardado en:
Autor Principal: Basch, Adela
Otros Autores: Pez, Alberto; il.
Formato: Libro
Publicado: Buenos Aires : Alfaguara, 2010.
Edición:1a reimp.
Series:Alfaguara Infantil. Naranja
Materias:
Etiquetas: Agregar Etiqueta
Sin Etiquetas, Sea el primero en etiquetar este registro!
LEADER 01216nam a22002775a 4500
001 CEM.cems020060
008 230502s2010##################000#0#####d
005 20250630075350.0
245 1 0 |a En estas hojas detallo cómo llegó el 25 de Mayo /  |c Adela Basch ; ilustrado por Alberto Pez. 
250 |a 1a reimp. 
260 |a Buenos Aires :  |b Alfaguara,  |c 2010. 
300 |a 80 p. 
490 0 |a Alfaguara Infantil. Naranja 
500 |a Desde 10 años. 
520 |a La abuela Pilar ha sido testigo de los hechos que se desarrollaron antes y después del 25 de Mayo de 1810. Decidida a escribir sus memorias, va repasando los días de su infancia, cuando la esclavitud era moneda corriente, el monopolio complicaba a los comerciantes de la colonia y las Invasiones Inglesas despertaban la conciencia política del pueblo 
020 |a 9789870414117 
100 1 |a Basch, Adela 
700 1 |a Pez, Alberto; il. 
082 0 4 |a A862.4 
653 |a Literatura 
653 |a Literatura argentina 
653 |a Literatura infantil 
653 |a Teatro 
653 |a Teatro infantil 
859 |a CEMS  |b BIB. CEMS - Agricultura  |h A862.4  |i B290-1  |p A3526.23  |t Ej.1 
859 |a CEMS  |b BIB. CEMS - Agricultura  |h A862.4  |i B290-1  |p A3684.24  |t Ej.2